[Event "II Trofeo Pentium4"]
[Site "Milano ITA"]
[Date "2002.07.16"]
[Round "8"]
[White "Borgo, Giulio"]
[Black "Cebalo, Miso"]
[Result "1-0"]
[WhiteElo "2420"]
[BlackElo "2548"]
[PlyCount "129"]
[EventDate "2002.07.09"]

1. e4 c5 2. Nf3 d6 3. d4 Nf6 4. Nc3 cxd4 5. Qxd4 Bd7 6. Nd5 Nc6 7. Nxf6+ gxf6
8. Qe3 Rg8 9. Bd2 Qc7 10. Nd4 Nxd4 11. Qxd4 f5 12. c3 Bg7 13. Qe3 Bf6 14. exf5
Qa5 15. h3 h5 16. Rg1 Bxf5 17. Bd3 Bg5 18. Qe2 Bxd2+ 19. Qxd2 Bxh3 20. O-O-O
Be6 21. a3 O-O-O 22. Be4 Kb8 23. Rh1 Rc8 24. g3 Rg5 25. Rde1 Rgc5 26. Re3 Qb6
27. Bf3 Qb3 28. Qc2 Qxc2+ 29. Kxc2 Rh8 30. Kd2 Kc7 31. Rh4 b6 32. g4 Rc4 33.
Be2 Rf4 34. f3 Kd8 35. Re4 Rxe4 36. fxe4 f6 37. gxh5 Ke8 38. Ke3 Kf7 39. Rh1
Kg7 40. Rg1+ Kh6 41. e5 dxe5 42. Rg6+ Kh7 43. Bd3 Rd8 44. Bc2 Kh8 45. Rh6+ Kg8
46. Rh7 Bf7 47. h6 e6 48. Rg7+ Kf8 49. Bg6 Bxg6 50. Rxg6 Ke7 51. Rg7+ Kd6 52.
h7 Rh8 53. Rxa7 f5 54. a4 e4 55. b4 Kd5 56. Rd7+ Ke5 57. a5 bxa5 58. bxa5 f4+
59. Kf2 e3+ 60. Kf3 Kf5 61. a6 e5 62. a7 e4+ 63. Ke2 Ke6 64. Rd4 Kf5 65. Ra4
1-0

[Event "II Trofeo Pentium4"]
[Site "Milano ITA"]
[Date "2002.07.16"]
[Round "8"]
[White "Lanzani, Mario"]
[Black "Lazic, Miroljub"]
[Result "1-0"]
[WhiteElo "2349"]
[BlackElo "2459"]
[PlyCount "121"]
[EventDate "2002.07.09"]

1. e4 g6 2. d4 Bg7 3. Nf3 d6 4. Be2 Nd7 5. O-O e6 6. c4 Ne7 7. Nc3 O-O 8. Re1
h6 9. Be3 f5 10. Qd2 g5 11. exf5 Nxf5 12. d5 Nxe3 13. Qxe3 Ne5 14. Nd4 exd5 15.
cxd5 c6 16. Rad1 Qb6 17. Ne4 cxd5 18. Nc3 Bd7 19. Nxd5 Qa5 20. Ne7+ Kh8 21. Nf3
Rxf3 22. gxf3 Re8 23. Nd5 Nc6 24. Qd2 Qxa2 25. Nc3 Qf7 26. Ne4 Rxe4 27. fxe4
Be5 28. Qe3 Bf4 29. Qa3 Qf6 30. Rd5 Bxh2+ 31. Kg2 Be5 32. Qf3 Bf4 33. Red1 Qe7
34. Qd3 Kg8 35. Rxd6 Bxd6 36. f3 g4 37. Qxd6 gxf3+ 38. Bxf3 Qg5+ 39. Kf2 Qh4+
40. Qg3+ Qxg3+ 41. Kxg3 Be6 42. Bg4 Kf7 43. Bxe6+ Kxe6 44. Kf4 Ne5 45. Rd5 Ng6+
46. Ke3 Ne5 47. Kd4 Nf3+ 48. Ke3 Ne5 49. b3 h5 50. Kf4 Ng6+ 51. Kg5 Ne7 52. Rb5
b6 53. Kxh5 Nc8 54. Kg4 Nd6 55. Rb4 Ke5 56. Kf3 a5 57. Rxb6 Nxe4 58. Ke3 Kd5
59. Rb5+ Kc6 60. Rxa5 Kb6 61. b4 1-0

[Event "II Trofeo Pentium4"]
[Site "Milano ITA"]
[Date "2002.07.16"]
[Round "8"]
[White "Qendro, Llambi"]
[Black "Drazic, Sinisa"]
[Result "0-1"]
[WhiteElo "2355"]
[BlackElo "2486"]
[PlyCount "126"]
[EventDate "2002.07.09"]

1. d4 d5 2. c4 dxc4 3. Nf3 a6 4. e3 Nf6 5. Bxc4 e6 6. a4 c5 7. O-O Nc6 8. Qe2
cxd4 9. Rd1 Be7 10. exd4 O-O 11. Nc3 Nb4 12. Bg5 Nfd5 13. Nxd5 Nxd5 14. Bxe7
Nxe7 15. Qe4 Nf5 16. Bd3 g6 17. Qf4 Qd6 18. Qe5 Rd8 19. Be4 Rb8 20. d5 Qxe5 21.
Nxe5 Nd6 22. Bf3 f6 23. Ng4 Kg7 24. Rac1 e5 25. Ne3 Bd7 26. b3 b5 27. a5 Rbc8
28. b4 f5 29. Rc5 Kf6 30. Rdc1 h5 31. g3 g5 32. Rxc8 Bxc8 33. Rc7 g4 34. Bd1
Rd7 35. Rc5 Bb7 36. Bc2 Rf7 37. Kf1 Kg5 38. Ke1 h4 39. Ng2 hxg3 40. hxg3 f4 41.
Nh4 e4 42. Ke2 Re7 43. Ke1 Rh7 44. Ke2 Kf6 45. Ke1 Rh5 46. Bb3 e3 47. Rc7 exf2+
48. Kxf2 Ne4+ 49. Kg1 Nxg3 50. Rxb7 Rxh4 51. d6 Ke5 52. d7 Rh8 53. Rb6 f3 54.
Re6+ Kf4 55. Rf6+ Kg5 56. Rf7 Ne4 57. Rg7+ Kf4 58. Rg8 Kg3 59. d8=Q f2+ 60. Kf1
Rh1+ 61. Ke2 f1=Q+ 62. Ke3 Qf4+ 63. Kd4 Rh2 0-1

[Event "II Trofeo Pentium4"]
[Site "Milano ITA"]
[Date "2002.07.16"]
[Round "8"]
[White "Sedina, Elena"]
[Black "Godena, Michele"]
[Result "1/2-1/2"]
[WhiteElo "2416"]
[BlackElo "2488"]
[PlyCount "81"]
[EventDate "2002.07.09"]

1. e4 e5 2. Nf3 Nc6 3. Nc3 Nf6 4. g3 Bb4 5. Bg2 Bxc3 6. bxc3 Nxe4 7. Nxe5 Nxe5
8. Bxe4 d5 9. Bg2 O-O 10. O-O d4 11. Ba3 Re8 12. Bc5 d3 13. h3 dxc2 14. Qxc2
Bxh3 15. Bxh3 Nf3+ 16. Kh1 Qd5 17. Qd1 Ng5+ 18. Bg2 Qxc5 19. Bxb7 Rad8 20. Bg2
Rd3 21. Rb1 Red8 22. Rb2 g6 23. Qe2 Qd6 24. Rd1 h5 25. Rb5 Ne6 26. c4 Rxd2 27.
Qxd2 Qxd2 28. Rxd2 Rxd2 29. Ra5 Rxf2 30. Rxa7 Rc2 31. Bd5 c6 32. Bxc6 Rxc4 33.
Bd5 Rc5 34. Bxe6 fxe6 35. a4 Rc2 36. a5 Ra2 37. Re7 Rxa5 38. Rxe6 Kf7 39. Rb6
Ra2 40. Kg1 Kg7 41. Rc6 1/2-1/2

[Event "II Trofeo Pentium4"]
[Site "Milano ITA"]
[Date "2002.07.17"]
[Round "9"]
[White "Belotti, Bruno"]
[Black "Lanzani, Mario"]
[Result "1/2-1/2"]
[WhiteElo "2430"]
[BlackElo "2349"]
[PlyCount "30"]
[EventDate "2002.07.09"]

1. d4 Nf6 2. c4 e6 3. Nf3 b6 4. g3 Ba6 5. b3 Bb4+ 6. Bd2 Be7 7. Bg2 c6 8. O-O
O-O 9. Bc3 d5 10. Ne5 Nfd7 11. Nxd7 Nxd7 12. Nd2 Rc8 13. e4 c5 14. exd5 exd5
15. dxc5 dxc4 1/2-1/2

[Event "II Trofeo Pentium4"]
[Site "Milano ITA"]
[Date "2002.07.17"]
[Round "9"]
[White "Cebalo, Miso"]
[Black "Bellia, Fabrizio"]
[Result "1/2-1/2"]
[WhiteElo "2548"]
[BlackElo "2412"]
[PlyCount "69"]
[EventDate "2002.07.09"]

1. d4 Nf6 2. c4 e6 3. Nf3 Bb4+ 4. Bd2 c5 5. e3 O-O 6. Bd3 d6 7. O-O Nbd7 8.
Bxb4 cxb4 9. a3 bxa3 10. Rxa3 b6 11. Nc3 Bb7 12. b4 a6 13. Nd2 Qe7 14. Qb1 Rfd8
15. e4 e5 16. d5 a5 17. Na4 Rdb8 18. Qb2 Qd8 19. Rb1 h6 20. Rb3 Ba6 21. bxa5
bxa5 22. Qc3 Rxb3 23. Nxb3 Ne8 24. Nxa5 Bxc4 25. Nc6 Bxd3 26. Qxd3 Qh4 27. g3
Qg4 28. f3 Qg5 29. Qc2 Qe3+ 30. Kg2 g6 31. Rb3 Qe1 32. Rb1 Qe3 33. Rb4 Kg7 34.
Rb3 Qe1 35. Rb1 1/2-1/2

[Event "II Trofeo Pentium4"]
[Site "Milano ITA"]
[Date "2002.07.17"]
[Round "9"]
[White "Drazic, Sinisa"]
[Black "Borgo, Giulio"]
[Result "1-0"]
[WhiteElo "2486"]
[BlackElo "2420"]
[PlyCount "35"]
[EventDate "2002.07.09"]

1. e4 e6 2. d4 d5 3. Nd2 dxe4 4. Nxe4 Nd7 5. g3 Ngf6 6. Nxf6+ Qxf6 7. Nf3 h6 8.
Bg2 Bd6 9. c4 e5 10. O-O O-O 11. c5 Be7 12. Re1 exd4 13. b4 Re8 14. Bb2 Nf8 15.
Nxd4 Qa6 16. a4 Qc4 17. Re4 Qxb4 18. Nb3 1-0

[Event "II Trofeo Pentium4"]
[Site "Milano ITA"]
[Date "2002.07.17"]
[Round "9"]
[White "Godena, Michele"]
[Black "Qendro, Llambi"]
[Result "1/2-1/2"]
[WhiteElo "2488"]
[BlackElo "2355"]
[PlyCount "23"]
[EventDate "2002.07.09"]

1. e4 c6 2. d4 d5 3. Nd2 dxe4 4. Nxe4 Nd7 5. Bc4 Ngf6 6. Ng5 e6 7. Qe2 Nb6 8.
Bd3 h6 9. N5f3 c5 10. dxc5 Bxc5 11. Ne5 Qc7 12. Ngf3 1/2-1/2

[Event "I Festival Steinitz A"]
[Site "Roma ITA"]
[Date "2002.07.05"]
[Round "1"]
[White "Abuhamdieh, Arafat"]
[Black "Farina, Saverio"]
[Result "0-1"]
[WhiteElo "1552"]
[BlackElo "2104"]
[PlyCount "32"]
[EventDate "2002.07.05"]

1. e4 e6 2. d4 d5 3. exd5 exd5 4. Bd3 c5 5. Nf3 Nf6 6. O-O Nc6 7. Re1+ Be7 8.
dxc5 O-O 9. Bg5 Bxc5 10. c3 Qb6 11. Qc2 Ng4 12. Bxh7+ Kh8 13. Bh4 Bxf2+ 14.
Bxf2 Nxf2 15. Kf1 Ng4 16. Qd3 Qf2# 0-1

[Event "I Festival Steinitz A"]
[Site "Roma ITA"]
[Date "2002.07.05"]
[Round "1"]
[White "Bolla, Vittorio"]
[Black "Maddaloni, Giovanni"]
[Result "0-1"]
[WhiteElo "1603"]
[BlackElo "1547"]
[PlyCount "78"]
[EventDate "2002.07.05"]

1. e4 d6 2. d4 Nf6 3. Nc3 a6 4. Be3 b5 5. f3 Nbd7 6. Qd2 e5 7. g4 Be7 8. h4
exd4 9. Bxd4 c5 10. Be3 Ne5 11. h5 Bb7 12. Be2 Qa5 13. g5 b4 14. gxf6 bxc3 15.
Qxc3 Qxc3+ 16. bxc3 Bxf6 17. Kd2 O-O-O 18. Bd3 c4 19. Bf1 d5 20. Bb6 dxe4+ 21.
Bxd8 Rxd8+ 22. Kc1 exf3 23. Bh3+ Kc7 24. Rh2 Bg5+ 25. Kb2 Bf4 26. Rf2 Be3 27.
Rff1 f2 28. Ne2 Rd2 29. Nd4 Nd3+ 30. Ka3 Nf4 31. Bf5 g6 32. hxg6 hxg6 33. Bg4
Bxd4 34. cxd4 f5 35. Rad1 Rxc2 36. d5 fxg4 37. Rh1 Bxd5 38. Rh7+ Kd6 39. Rh8 g3
0-1

[Event "I Festival Steinitz A"]
[Site "Roma ITA"]
[Date "2002.07.05"]
[Round "1"]
[White "Bonafede, Emanuel"]
[Black "Lava, Giovanni"]
[Result "0-1"]
[WhiteElo "1582"]
[BlackElo "2259"]
[PlyCount "75"]
[EventDate "2002.07.05"]

1. e4 c5 2. Nf3 e6 3. d4 cxd4 4. Nxd4 Nc6 5. Be3 Nf6 6. Nxc6 bxc6 7. Bd3 Qc7 8.
f4 Rb8 9. Nd2 Rxb2 10. Nb3 Bb4+ 11. Bd2 Qb6 12. Qe2 a5 13. a4 d5 14. e5 Nd7 15.
Kd1 O-O 16. Bc1 Rxb3 17. cxb3 Qd4 18. Bb2 Qxf4 19. g3 Qg5 20. Rg1 c5 21. h4 Qe7
22. Bc1 c4 23. bxc4 dxc4 24. Bxc4 Qc5 25. Be3 Qxe5 26. Ra2 Nc5 27. Bxc5 Qxc5
28. Rg2 Bb7 29. Rf2 Rc8 30. Rc2 Qd4+ 31. Qd3 Rxc4 32. Qxd4 Rxd4+ 33. Ke2 h5 34.
Rc7 Ba6+ 35. Ke3 Rd3+ 36. Ke4 f5+ 37. Rxf5 exf5+ 38. Kxf5 0-1

[Event "I Festival Steinitz A"]
[Site "Roma ITA"]
[Date "2002.07.05"]
[Round "1"]
[White "Carbone, Stefano"]
[Black "Tinari, Marco"]
[Result "1-0"]
[WhiteElo "1500"]
[BlackElo "1860"]
[PlyCount "104"]
[EventDate "2002.07.05"]

1. d4 f5 2. Nf3 Nf6 3. e3 e6 4. b3 d6 5. Be2 Be7 6. O-O O-O 7. Ba3 Qe8 8. c4
Nbd7 9. Ng5 Nb6 10. c5 dxc5 11. Bxc5 Nbd5 12. Bxe7 Qxe7 13. Qc2 c6 14. Nd2 Nb4
15. Qb2 Bd7 16. a3 Nbd5 17. Rac1 Be8 18. Ngf3 Bh5 19. Bd3 Rac8 20. b4 Nd7 21.
Qc2 Qf6 22. Kh1 Kh8 23. h3 g5 24. g3 Qh6 25. Kg2 Bxf3+ 26. Nxf3 g4 27. hxg4
fxg4 28. Nh4 N7f6 29. Ng6+ hxg6 30. Rh1 Nh5 31. Bxg6 Kg7 32. Bxh5 Qg5 33. Bxg4
Rh8 34. Bf3 Rcf8 35. Rxh8 Rxh8 36. Rh1 Rxh1 37. Kxh1 Kf6 38. Kg2 Nc7 39. a4 Na6
40. Qc4 Qg7 41. Bxc6 bxc6 42. Qxa6 Qc7 43. Qa5 Qb7 44. e4 c5 45. Qd8+ Kf7 46.
d5 exd5 47. bxc5 dxe4 48. Kh2 Qc6 49. Qd4 Qh6+ 50. Kg2 Qc6 51. Qc4+ Kg6 52. Kg1
Kf5 1-0

[Event "I Festival Steinitz A"]
[Site "Roma ITA"]
[Date "2002.07.05"]
[Round "1"]
[White "Clifford, Roby"]
[Black "Basile, Aldo"]
[Result "0-1"]
[WhiteElo "1600"]
[BlackElo "1289"]
[PlyCount "134"]
[EventDate "2002.07.05"]

1. e4 e5 2. Nf3 d6 3. d3 g6 4. Nbd2 Nc6 5. c3 Bg7 6. Qc2 Nh6 7. Be2 O-O 8. O-O
f5 9. Re1 f4 10. Nb3 g5 11. h3 g4 12. hxg4 Bxg4 13. d4 Bxf3 14. Bxf3 Qh4 15. d5
Ne7 16. Qe2 b6 17. Bd2 Rf6 18. a4 Nf7 19. Bg4 Ng5 20. f3 Rh6 21. Qf1 Qg3 22.
Qf2 Rh1+ 23. Kxh1 Qxf2 24. Rf1 Qh4+ 25. Kg1 h5 26. Be1 Nxf3+ 27. Bxf3 Qg5 28.
Kf2 Kf7 29. Rh1 Rh8 30. a5 b5 31. Ke2 a6 32. Bh4 Qg6 33. Nc1 Bf6 34. Nd3 Bxh4
35. Rxh4 Qg5 36. Rah1 Ng8 37. Rxh5 Rxh5 38. Rxh5 Qd8 39. Rh7+ Kg6 40. Rh8 Kg7
41. Rh5 Qa8 42. Nb4 Qa7 43. Rg5+ Kh7 44. Rh5+ Kg6 45. Nc2 Nf6 46. Rh8 Qc5 47.
Ra8 Qc4+ 48. Kf2 Nxe4+ 49. Bxe4+ Qxe4 50. Rg8+ Kf7 51. Rg4 Qxd5 52. Ke2 Qa2 53.
Nb4 Qxa5 54. Nc6 Qb6 55. Nb4 Qb7 56. Rg5 Kf6 57. Rg8 c5 58. Nc2 e4 59. Rf8+ Kg5
60. Rg8+ Kh4 61. g3+ fxg3 62. Ne3 Qf7 63. Rh8+ Kg5 64. Rd8 Qf4 65. Rg8+ Kh6 66.
Rxg3 Kh5 67. Rh3+ 67... Kg5 {...} 0-1

[Event "I Festival Steinitz A"]
[Site "Roma ITA"]
[Date "2002.07.05"]
[Round "1"]
[White "Damia, Angelo"]
[Black "Betori, Alessandro"]
[Result "0-1"]
[WhiteElo "1888"]
[BlackElo "1500"]
[PlyCount "120"]
[EventDate "2002.07.05"]

1. e4 d5 2. exd5 Qxd5 3. Nc3 Qa5 4. d4 Nf6 5. Bd2 c6 6. Bc4 Bf5 7. Nge2 e6 8.
Ng3 Bg6 9. O-O Nbd7 10. d5 cxd5 11. Nxd5 Qc5 12. Nxf6+ Nxf6 13. Bb3 Rd8 14. Qe2
Qc6 15. Be3 a6 16. a4 Bc5 17. a5 O-O 18. Bg5 Be7 19. c3 Bd3 20. Qe3 Bxf1 21.
Nxf1 Ng4 22. Qf4 Bxg5 23. Qxg4 Qb5 24. Qc4 Qxc4 25. Bxc4 Rc8 26. Be2 Rfd8 27.
g3 e5 28. Bf3 Rc7 29. h4 Bh6 30. Re1 Re7 31. c4 Bd2 32. Ra1 e4 33. Be2 Re5 34.
b4 Bxb4 35. Rb1 Bxa5 36. Rxb7 Bc3 37. Rb3 Bd4 38. Ra3 a5 39. Kg2 Kf8 40. f4 Rc5
41. Ra4 Bc3 42. Ne3 Rd2 43. Kf1 Rb2 44. Nd1 Rb1 45. Kf2 Bd4+ 46. Ke1 h6 47. Kd2
g5 48. fxg5 hxg5 49. hxg5 Rxg5 50. g4 Ke7 51. c5 Bxc5 52. Rxe4+ Kd7 53. Rf4 Ke7
54. Re4+ Kf6 55. Rf4+ Kg7 56. Nc3 Rb2+ 57. Kd1 Bb4 58. Ne4 Rd5+ 59. Kc1 Rxe2
60. Ng3 Bd2+ 0-1

[Event "I Festival Steinitz A"]
[Site "Roma ITA"]
[Date "2002.07.05"]
[Round "1"]
[White "De Benedetti, Arnaldo"]
[Black "Medori, Marco"]
[Result "0-1"]
[WhiteElo "1494"]
[BlackElo "1723"]
[PlyCount "64"]
[EventDate "2002.07.05"]

1. e4 c5 2. Nc3 Nc6 3. Nf3 d6 4. b3 g6 5. Bb2 Bg7 6. Rb1 Nf6 7. Bc4 O-O 8. Qe2
a6 9. a3 b5 10. Bd3 Bb7 11. O-O Nd4 12. Nxd4 cxd4 13. Nd1 Nh5 14. f4 e5 15. g3
exf4 16. g4 Nf6 17. Bxd4 g5 18. c4 Re8 19. Nc3 Nxe4 20. Bxe4 Bxd4+ 21. Kg2 Bxc3
22. d3 d5 23. cxd5 Bxd5 24. Qf3 Bxe4 25. dxe4 Qd2+ 26. Rf2 Qe3 27. Qd1 Qxe4+
28. Kh3 Rad8 29. Qh1 Rd3+ 30. Rf3 Rxf3+ 31. Kg2 Rg3+ 32. Kf2 Qe2# 0-1

[Event "I Festival Steinitz A"]
[Site "Roma ITA"]
[Date "2002.07.05"]
[Round "1"]
[White "Del Vecchio, Ausonio"]
[Black "Rocchetti, Marco"]
[Result "1/2-1/2"]
[WhiteElo "1389"]
[BlackElo "1624"]
[PlyCount "55"]
[EventDate "2002.07.05"]

1. d4 d6 2. c4 e5 3. Nc3 c6 4. Nf3 Qc7 5. e4 Nf6 6. Be2 Be7 7. O-O O-O 8. Bg5
Ne8 9. Bxe7 Qxe7 10. d5 c5 11. a3 f5 12. exf5 Bxf5 13. Nd2 Nd7 14. Bg4 Nc7 15.
Bxf5 Rxf5 16. Nde4 Raf8 17. Qc2 Rf4 18. Rae1 a6 19. Re3 Nf6 20. b3 b5 21. Nxf6+
R4xf6 22. Rh3 Rg6 23. Ne4 Rf4 24. Qe2 Qd7 25. Rg3 bxc4 26. bxc4 Rxg3 27. hxg3
Rf8 28. Qd3 1/2-1/2

[Event "I Festival Steinitz A"]
[Site "Roma ITA"]
[Date "2002.07.05"]
[Round "1"]
[White "Dentale, Enrico"]
[Black "D'Andrea, Carlo"]
[Result "0-1"]
[WhiteElo "1483"]
[BlackElo "1696"]
[PlyCount "124"]
[EventDate "2002.07.05"]

1. d4 Nf6 2. Bf4 c5 3. e3 Qb6 4. b3 e6 5. Bxb8 Rxb8 6. Nf3 Ne4 7. Bd3 d5 8. O-O
Be7 9. Bxe4 dxe4 10. Ne5 O-O 11. Nc3 f5 12. Na4 Qc7 13. f4 exf3 14. Nxf3 cxd4
15. exd4 b5 16. Nb2 Bf6 17. Nd3 Rd8 18. Nfe5 Rxd4 19. Nf3 Rd6 20. Rc1 Bb7 21.
Qe2 Re8 22. c4 bxc4 23. Rxc4 Qb6+ 24. Kh1 Ba6 25. Nde5 Rd5 26. Rfc1 Bxc4 27.
bxc4 Qc7 28. Nd3 Ra5 29. c5 e5 30. Nd4 Qc8 31. Nb3 Ra6 32. Nb4 Ra4 33. Qb5 Ra3
34. c6 Bd8 35. Qd5+ Qe6 36. Qxe6+ Rxe6 37. c7 Bxc7 38. Rxc7 a5 39. Nc6 h5 40.
Ncxa5 Rxa2 41. Kg1 Rd6 42. Rc1 e4 43. h3 Kf7 44. Re1 Rd3 45. Rb1 Rg3 46. Nc4
Raxg2+ 47. Kh1 Ra2 48. Nd4 Rxh3+ 49. Kg1 g6 50. Re1 Kf6 51. Ne2 g5 52. Nb6 h4
53. Nd5+ Ke5 54. Ndc3 Rc2 55. Nd1 Ra3 56. Kf1 Ra1 57. Ne3 Rxe1+ 58. Kxe1 Ra2
59. Nc4+ Kf6 60. Kf1 h3 61. Ne3 Rxe2 62. Kxe2 h2 0-1

[Event "I Festival Steinitz A"]
[Site "Roma ITA"]
[Date "2002.07.05"]
[Round "1"]
[White "Dinacci, Fabrizio"]
[Black "Campomori, Bruno"]
[Result "1/2-1/2"]
[WhiteElo "1500"]
[BlackElo "1832"]
[PlyCount "70"]
[EventDate "2002.07.05"]

1. c4 e5 2. d3 Nf6 3. Nc3 h6 4. g3 Bc5 5. e3 O-O 6. Bg2 c6 7. Nf3 d6 8. O-O Bb6
9. Qc2 Re8 10. a3 Bf5 11. Nd2 Nbd7 12. Nde4 Nxe4 13. Nxe4 Qe7 14. b4 d5 15. Nd2
e4 16. d4 Qe6 17. Bb2 Bh3 18. Rfc1 Bxg2 19. Kxg2 Qf5 20. Qd1 Nf6 21. cxd5 cxd5
22. Qe2 Re6 23. h3 Nh7 24. Qg4 Qxg4 25. hxg4 Nf6 26. f3 exf3+ 27. Kxf3 Rae8 28.
Nf1 Re4 29. g5 hxg5 30. Bc3 R4e6 31. Be1 Ne4 32. a4 Rc6 33. Rxc6 bxc6 34. Rc1
Re6 35. Nd2 Nf6 1/2-1/2

[Event "I Festival Steinitz A"]
[Site "Roma ITA"]
[Date "2002.07.05"]
[Round "1"]
[White "Djuric, Stefan"]
[Black "Ermacora, Ilario"]
[Result "1-0"]
[WhiteElo "2484"]
[BlackElo "1600"]
[PlyCount "25"]
[EventDate "2002.07.05"]

1. e4 e5 2. Nf3 Nc6 3. Bb5 d6 4. d4 exd4 5. Nxd4 Bd7 6. O-O Be7 7. Bxc6 bxc6 8.
Qf3 c5 9. Nf5 Bf6 10. Nc3 Rb8 11. Nd5 Bxb2 12. Bxb2 Rxb2 13. Qc3 1-0

[Event "I Festival Steinitz A"]
[Site "Roma ITA"]
[Date "2002.07.05"]
[Round "1"]
[White "Gardon, Ermanno"]
[Black "Vanzan, Alessandro"]
[Result "1-0"]
[WhiteElo "2108"]
[BlackElo "1558"]
[PlyCount "69"]
[EventDate "2002.07.05"]

1. e4 d6 2. d4 Nf6 3. Nc3 g6 4. Be3 Bg7 5. Qd2 Ng4 6. Bg5 O-O 7. f3 h6 8. Bf4
e5 9. dxe5 Nxe5 10. O-O-O Kh7 11. h4 h5 12. g4 hxg4 13. h5 Kg8 14. Bh6 g5 15.
Bxg5 f6 16. Bh6 Be6 17. Bxg7 Kxg7 18. f4 Nf7 19. Qg2 Nh6 20. Nge2 f5 21. Nd4
Bd7 22. exf5 Bxf5 23. Bd3 Bd7 24. Qe4 Nf5 25. Rdg1 Qf6 26. Rxg4+ Kh8 27. Nxf5
Qxf5 28. Qxf5 Bxf5 29. Bxf5 Rxf5 30. h6 Rf7 31. Nd5 c6 32. Rg7 Rf8 33. Nc7 Na6
34. Nxa8 Rxa8 35. Rhg1 1-0

[Event "I Festival Steinitz A"]
[Site "Roma ITA"]
[Date "2002.07.05"]
[Round "1"]
[White "Giannoni, Massimo"]
[Black "Tomescu, Vlad"]
[Result "0-1"]
[WhiteElo "1600"]
[BlackElo "2438"]
[PlyCount "76"]
[EventDate "2002.07.05"]

1. d4 Nf6 2. c4 g6 3. Nf3 Bg7 4. Nc3 d5 5. Bf4 O-O 6. e3 c5 7. cxd5 Nxd5 8.
Bxb8 Rxb8 9. Bc4 Nxc3 10. bxc3 b5 11. Rb1 cxd4 12. exd4 Bf5 13. Bd3 Qa5 14. Qd2
Bxd3 15. Qxd3 Rfc8 16. Rc1 Qxa2 17. O-O Qc4 18. Qxc4 Rxc4 19. Nd2 Rc7 20. Ne4
e6 21. Rfd1 e5 22. dxe5 Bxe5 23. Rd5 Bg7 24. g4 b4 25. Nc5 Rcc8 26. cxb4 Rxb4
27. h3 Rb5 28. Kg2 Re8 29. Rd7 a5 30. Ne4 Rb2 31. Nd6 Rf8 32. Ra7 Rxf2+ 33.
Kxf2 Bd4+ 34. Kf3 Bxa7 35. Ra1 Bb8 36. Nc4 f5 37. Rxa5 fxg4+ 38. Kxg4 Rf4+ 0-1

[Event "I Festival Steinitz A"]
[Site "Roma ITA"]
[Date "2002.07.05"]
[Round "1"]
[White "Ljubisavljevic, Zivojin Z."]
[Black "Rotondi, Silverio"]
[Result "1-0"]
[WhiteElo "2275"]
[BlackElo "1600"]
[PlyCount "79"]
[EventDate "2002.07.05"]

1. d4 d5 2. c3 e6 3. Bf4 Nf6 4. e3 Bd6 5. Bxd6 cxd6 6. Nd2 O-O 7. g4 Nbd7 8.
Bd3 e5 9. g5 Ne8 10. h4 e4 11. Be2 Nb6 12. Bg4 f5 13. gxf6 Qxf6 14. Rh2 Bxg4
15. Qxg4 Nc7 16. Ne2 Qf5 17. Qxf5 Rxf5 18. Nf4 Re8 19. Nf1 Ne6 20. Ng3 Rf7 21.
Nge2 Rf5 22. b3 Nxf4 23. Nxf4 Nd7 24. Rg2 Nf6 25. Rg5 g6 26. Kd2 Kf7 27. c4
dxc4 28. bxc4 Rc8 29. Rc1 Rxg5 30. hxg5 Ng4 31. Ke2 b5 32. Rg1 Nh2 33. Rh1 Nf3
34. Rxh7+ Kg8 35. Rh6 Rxc4 36. Rxg6+ Kf7 37. Rf6+ Kg8 38. g6 Rc2+ 39. Kd1 Rxa2
40. Ne6 1-0

[Event "I Festival Steinitz A"]
[Site "Roma ITA"]
[Date "2002.07.05"]
[Round "1"]
[White "Lombardi, Raffaele"]
[Black "Evangelisti, Claudio"]
[Result "1-0"]
[WhiteElo "1476"]
[BlackElo "2240"]
[PlyCount "98"]
[EventDate "2002.07.05"]

1. e4 c5 2. Nf3 d6 3. d4 cxd4 4. Nxd4 Nf6 5. Nc3 a6 6. Bg5 e6 7. Be2 Be7 8. O-O
Qc7 9. Re1 b5 10. a3 Bb7 11. Bf3 Nbd7 12. Qe2 O-O 13. Rad1 Ne5 14. g3 h6 15.
Bd2 Nc4 16. Bc1 Rac8 17. Nb1 Qb6 18. Bg2 b4 19. axb4 Qxb4 20. b3 Ne5 21. f4 Nc6
22. Nxc6 Bxc6 23. Kh1 Qb7 24. Ba3 Rfd8 25. Nc3 Kf8 26. Rd3 d5 27. Bxe7+ Kxe7
28. exd5 Nxd5 29. Nxd5+ Bxd5 30. Bxd5 Rxd5 31. Rxd5 Qxd5+ 32. Qg2 Qxg2+ 33.
Kxg2 Rxc2+ 34. Kh3 Ra2 35. Rc1 Kd7 36. Rc3 Rb2 37. g4 f6 38. Kg3 Kd6 39. h4 Kd5
40. g5 e5 41. fxe5 fxe5 42. Rd3+ Ke4 43. Rd7 Rxb3+ 44. Kg4 hxg5 45. hxg5 a5 46.
Rxg7 a4 47. Ra7 a3 48. g6 Rb6 49. g7 Rg6+ 1-0

[Event "I Festival Steinitz A"]
[Site "Roma ITA"]
[Date "2002.07.05"]
[Round "1"]
[White "Marinelli, Franco"]
[Black "Caiazzo, Diego"]
[Result "1/2-1/2"]
[WhiteElo "1327"]
[BlackElo "1605"]
[PlyCount "77"]
[EventDate "2002.07.05"]

1. d4 e6 2. b3 Nf6 3. e3 d5 4. Nf3 Be7 5. Be2 O-O 6. O-O c5 7. Ba3 cxd4 8. Bxe7
Qxe7 9. Nxd4 Nc6 10. Nxc6 bxc6 11. Nd2 Bb7 12. Bd3 Rfd8 13. Qe2 h6 14. Ba6 Qb4
15. Bxb7 Qxb7 16. c4 Rac8 17. Rfc1 Rd7 18. Nf3 Qb8 19. Qb2 Rb7 20. Ne5 Nd7 21.
Nxd7 Rxd7 22. cxd5 cxd5 23. Rxc8+ Qxc8 24. Rc1 Rc7 25. Rxc7 Qxc7 26. b4 f6 27.
h3 Kf7 28. a4 Qc4 29. Qd4 Qxd4 30. exd4 e5 31. dxe5 fxe5 32. Kf1 Ke6 33. Ke2
Kd6 34. Kd3 g5 35. f3 Kc6 36. Kc3 Kd6 37. Kd3 Kc6 38. Kc3 Kd6 39. Kd3 1/2-1/2

[Event "I Festival Steinitz A"]
[Site "Roma ITA"]
[Date "2002.07.05"]
[Round "1"]
[White "Marini, Giulio"]
[Black "Braschi, Giancarlo"]
[Result "0-1"]
[WhiteElo "1558"]
[BlackElo "2124"]
[PlyCount "44"]
[EventDate "2002.07.05"]

1. Nf3 c5 2. c4 Nf6 3. Nc3 Nc6 4. e4 e5 5. d3 d6 6. Be2 g6 7. O-O Bg7 8. Nd5
Nxd5 9. cxd5 Ne7 10. Be3 f5 11. g3 O-O 12. Qd2 Bd7 13. Bh6 f4 14. Bxg7 Kxg7 15.
Ng5 Nxd5 16. h4 h6 17. Nf3 Nc7 18. Nh2 Bh3 19. Rfc1 Ne6 20. Bg4 Bxg4 21. Nxg4
Nd4 22. a3 Nf3+ 0-1

[Event "I Festival Steinitz A"]
[Site "Roma ITA"]
[Date "2002.07.05"]
[Round "1"]
[White "Marino, Massimo"]
[Black "Campatelli, Giovanni"]
[Result "1-0"]
[WhiteElo "1966"]
[BlackElo "1506"]
[PlyCount "75"]
[EventDate "2002.07.05"]

1. e4 e5 2. Nf3 d6 3. Bc4 Be7 4. d3 Nf6 5. Nbd2 O-O 6. O-O c6 7. Bb3 Nbd7 8.
Re1 Qc7 9. Nc4 b5 10. Ne3 Nc5 11. c4 Nxb3 12. axb3 Bd7 13. Qc2 Rfc8 14. Bd2
bxc4 15. bxc4 Rcb8 16. Bc3 Qb6 17. Ra5 c5 18. Rea1 a6 19. R5a3 Qc6 20. Nd2 Bd8
21. R1a2 Rb7 22. Qd1 Rba7 23. Ndf1 a5 24. Ng3 g6 25. Qd2 a4 26. Ne2 Bb6 27. f4
Bc7 28. Ra1 Ba5 29. Rf1 Be8 30. Qe1 Kg7 31. Qf2 Bxc3 32. Nxc3 Ng8 33. f5 Rb8
34. f6+ Kh8 35. Ned5 Bd7 36. Nb5 Ra5 37. Qd2 Qa8 38. Ndc7 1-0

[Event "I Festival Steinitz A"]
[Site "Roma ITA"]
[Date "2002.07.05"]
[Round "1"]
[White "Marta, Daniele"]
[Black "Conflitti, Alessandro"]
[Result "1-0"]
[WhiteElo "2014"]
[BlackElo "1500"]
[PlyCount "83"]
[EventDate "2002.07.05"]

1. d4 Nf6 2. c4 e6 3. Nf3 b6 4. g3 Bb7 5. Bg2 Bb4+ 6. Bd2 Be7 7. O-O O-O 8. Nc3
c5 9. Qc2 d5 10. cxd5 exd5 11. Rfd1 Nc6 12. Bf4 c4 13. Rac1 Re8 14. g4 Bf8 15.
Bg5 Be7 16. h3 Ne4 17. Bf4 Bh4 18. Nxe4 dxe4 19. Nxh4 Qxh4 20. Bg3 Qe7 21. Qxc4
e3 22. f4 Rac8 23. Qa4 b5 24. Qxb5 Nxd4 25. Qd3 Bxg2 26. Kxg2 Rxc1 27. Rxc1
Qb7+ 28. Kg1 Qxb2 29. Re1 Rc8 30. Qxe3 g6 31. Bf2 Nc2 32. Qd2 Qxa2 33. Rc1 a5
34. f5 gxf5 35. gxf5 Qb2 36. Bd4 Qxd4+ 37. Qxd4 Nxd4 38. Rxc8+ Kg7 39. e4 Kf6
40. Kf2 Ke5 41. Ke3 Nc2+ 42. Rxc2 1-0